000
00307nam a22001337a 4500
008
250422b ||||| |||| 00| 0 eng d
041
_a
eng
080
_2
1981
_a
101BRU
082
_2
101BRU
_a
101BRU
100
_a
42
101
_a
FILOZOFI
245
_a
ASTROPHYSICAL COSMOLOGY
_c
H.A.BRUCK
942
_2
udc
_c
BK
999
_c
60687
_d
60687